<?xml version="1.0" encoding="UTF-8"?>
<record
    xmlns:xsi="http://www.w3.org/2001/XMLSchema-instance"
    xsi:schemaLocation="http://www.loc.gov/MARC21/slim http://www.loc.gov/standards/marcxml/schema/MARC21slim.xsd"
    xmlns="http://www.loc.gov/MARC21/slim">

  <leader>00416nam a2200169Ia 4500</leader>
  <controlfield tag="003">OSt</controlfield>
  <controlfield tag="005">20221213151047.0</controlfield>
  <controlfield tag="008">211109s9999||||xx |||||||||||||| ||und||</controlfield>
  <datafield tag="040" ind1=" " ind2=" ">
    <subfield code="c">SBCL</subfield>
  </datafield>
  <datafield tag="082" ind1=" " ind2=" ">
    <subfield code="a">530.05</subfield>
    <subfield code="b">LAW-P</subfield>
  </datafield>
  <datafield tag="100" ind1=" " ind2=" ">
    <subfield code="a">Lawande, S, V</subfield>
  </datafield>
  <datafield tag="245" ind1=" " ind2="0">
    <subfield code="a">PHYSICS EDUCATION</subfield>
  </datafield>
  <datafield tag="260" ind1=" " ind2=" ">
    <subfield code="b">Wiley Eastern Limited</subfield>
    <subfield code="a">Newdelhi</subfield>
    <subfield code="c">1993</subfield>
  </datafield>
  <datafield tag="630" ind1=" " ind2=" ">
    <subfield code="x">POST GRADUATE REFERENCE</subfield>
  </datafield>
  <datafield tag="650" ind1=" " ind2=" ">
    <subfield code="a">Science</subfield>
    <subfield code="v">Physics</subfield>
  </datafield>
  <datafield tag="942" ind1=" " ind2=" ">
    <subfield code="c">BV</subfield>
  </datafield>
  <datafield tag="952" ind1=" " ind2=" ">
    <subfield code="0">0</subfield>
    <subfield code="1">0</subfield>
    <subfield code="2">ddc</subfield>
    <subfield code="4">0</subfield>
    <subfield code="7">0</subfield>
    <subfield code="a">SBCL</subfield>
    <subfield code="b">SBCL</subfield>
    <subfield code="c">11</subfield>
    <subfield code="d">2022-12-13</subfield>
    <subfield code="g">70.00</subfield>
    <subfield code="h">VOLUME 18 NUMBER 02 JULY-SEPTEMBER 2001</subfield>
    <subfield code="i">VOLUME 18 NUMBER 02 JULY-SEPTEMB</subfield>
    <subfield code="l">0</subfield>
    <subfield code="o">530.05 LAW-P18</subfield>
    <subfield code="p">00108162</subfield>
    <subfield code="r">2022-12-13 00:00:00</subfield>
    <subfield code="w">2022-12-13</subfield>
    <subfield code="y">BV</subfield>
    <subfield code="z">VOLUME 18 NUMBER 02 JULY-SEPTEMBER 2001</subfield>
  </datafield>
  <datafield tag="952" ind1=" " ind2=" ">
    <subfield code="0">0</subfield>
    <subfield code="1">0</subfield>
    <subfield code="2">ddc</subfield>
    <subfield code="4">0</subfield>
    <subfield code="7">0</subfield>
    <subfield code="a">SBCL</subfield>
    <subfield code="b">SBCL</subfield>
    <subfield code="c">11</subfield>
    <subfield code="d">2022-12-13</subfield>
    <subfield code="g">70.00</subfield>
    <subfield code="h">VOLUME 18 NUMBER 01 APRIL-JUNE 2001</subfield>
    <subfield code="i">VOLUME 18 NUMBER 01 APRIL-JUNE 2</subfield>
    <subfield code="l">0</subfield>
    <subfield code="o">530.05 LAW-P18</subfield>
    <subfield code="p">00108161</subfield>
    <subfield code="r">2022-12-13 00:00:00</subfield>
    <subfield code="w">2022-12-13</subfield>
    <subfield code="y">BV</subfield>
    <subfield code="z">VOLUME 18 NUMBER 01 APRIL-JUNE 2001</subfield>
  </datafield>
  <datafield tag="952" ind1=" " ind2=" ">
    <subfield code="0">0</subfield>
    <subfield code="1">0</subfield>
    <subfield code="2">ddc</subfield>
    <subfield code="4">0</subfield>
    <subfield code="7">0</subfield>
    <subfield code="a">SBCL</subfield>
    <subfield code="b">SBCL</subfield>
    <subfield code="c">11</subfield>
    <subfield code="d">2022-12-13</subfield>
    <subfield code="g">70.00</subfield>
    <subfield code="h">VOLUME 17 NUMBER 04 JANUARY-MARCH 2001</subfield>
    <subfield code="i">VOLUME 17 NUMBER 04 JANUARY-MARC</subfield>
    <subfield code="l">0</subfield>
    <subfield code="o">530.05 LAW-P17</subfield>
    <subfield code="p">00108160</subfield>
    <subfield code="r">2022-12-13 00:00:00</subfield>
    <subfield code="w">2022-12-13</subfield>
    <subfield code="y">BV</subfield>
    <subfield code="z">VOLUME 17 NUMBER 04 JANUARY-MARCH 2001</subfield>
  </datafield>
  <datafield tag="999" ind1=" " ind2=" ">
    <subfield code="c">135283</subfield>
    <subfield code="d">135283</subfield>
  </datafield>
</record>
